Verejné výdavky musia byť kontrolované

Hodnotenie ekonomických a sociálnych opatrení (HESO) v druhom štvrťroku 2004. Rating štvrťroka, ktorý je priemerom všetkých hodnotených opatrení daného obdobia, odráža názor hodnotiacej komisie na ich kvalitu a dôležitosť. Opatrenia s najväčším prínosom. Sprístupnenie informácií. Opatrenia s negatív...

ver descrição completa

Na minha lista:
Detalhes bibliográficos
Autor principal: Zachar, Dušan
Formato: Capítulo de Livro
Idioma:eslovaco
Assuntos:
Tags: Adicionar Tag
Sem tags, seja o primeiro a adicionar uma tag!

MARC

LEADER 00000naa$a2200000$$$4500
001 0018874
005 20231016083627.1
041 0 |a slo 
044 |a SK 
245 1 0 |a Verejné výdavky musia byť kontrolované  |c Dušan Zachar 
520 |a Hodnotenie ekonomických a sociálnych opatrení (HESO) v druhom štvrťroku 2004. Rating štvrťroka, ktorý je priemerom všetkých hodnotených opatrení daného obdobia, odráža názor hodnotiacej komisie na ich kvalitu a dôležitosť. Opatrenia s najväčším prínosom. Sprístupnenie informácií. Opatrenia s negatívnym prínosom. 
610 2 0 |a výdavky verejné 
610 2 0 |a kontrola 
610 2 0 |a opatrenia 
610 2 0 |a vývoj hospodársky 
610 2 0 |a vývoj sociálny 
610 2 0 |a rating 
610 2 0 |a Slovensko 
610 2 0 |a apríl-jún 
610 2 0 |a 2004 
100 1 |a Zachar, Dušan